000 00660nam a2200205 a 4500
001 21778
003 CO-ViMGA
008 141112s2004 ck r 000 u spa d
020 _a8495150328
040 _aCO-ViMGA
_bspa
_cCO-ViMGA
082 0 4 _aDEVu
100 1 _aDevernois, Elsa; Gay, Michel
_931066
245 1 0 _aUna vez más
260 _aBarcelona :
_bCorimbo,
_c1999
300 _a30
590 _aForma de adquisición : Donación fact. 8863 - - Precio : 33000 - - Proveedor : Fundación exito - - Fecha de adquisición : Julio 2007
650 1 4 _aCUENTOS INFANTILES FRANCESES
_97840
650 1 4 _aLIBROS ILUSTRADOS PARA NIÑOS
_92001
942 _2ddc
_cBK
999 _c30329
_d30329